01348nam a22003257a 4500003000400000005001700004008004100021040002200062082001800084100003000102245004500132260006000177300002100237366000800258490003100266505010100297505004000398505001200438650006000450650005200510650005300562650004300615650004500658650005600703650004700759700003600806942002900842999001500871952013600886OSt20230608141629.0221006b |||||||| |||| 00| 0 eng d cBiblioteca Lado V a709.05bG851a 9855aGriffin, Timeeditor aArtforum/bInternacional/cBest of 2003/ aNew Yorkc2003bNew York editorial and business offices c26.5x27cma178p. espa aDiciembrev2003x0864-1315 tCOLUMNSaSlant Music: Best of 2003 Architecture Film: Best of 2003 Tech Books: Best of 2003 tFeaturesaBest of 2003: 11 Top Tens tReviews 2Tesauro de Arte & ArquitecturaaARTE COMTEMPORANEO9703 2Tesauro de Arte & ArquitecturaaFOTOGRAFIA9702 2Tesauro de Arte & ArquitecturaaARTE VISUAL9702 2Tesauro de Arte & ArquitecturaaLIBROS 2Tesauro de Arte & ArquitecturaaNOTICIAS 2 Tesauro de Arte & ArquitecturaaARTE INTERNACIONAL 2 Tesauro de Arte & ArquitecturaaESCULTURA aNavarreta, Jose Antonioeeditor 2ddcc1h709.05iG851an0 c3837d3837 00102ddc3200340708RevistasaLVbLVd2023-06-08hDiciembrei002532l0o709.05 G851ap002532r2023-06-08 00:00:00w2023-06-08y1